|
|
|
|
| LEADER |
00000cam a2200000 ca4500 |
| 001 |
1353335836 |
| 003 |
DE-627 |
| 005 |
20220613113202.0 |
| 007 |
tu |
| 008 |
080701n20uuuuuuxx ||||| 00| ||eng c |
| 020 |
|
|
|a 1593453337
|9 1-59345-333-7
|
| 020 |
|
|
|a 9781593453336
|9 978-1-59345-333-6
|
| 035 |
|
|
|a (DE-627)1353335836
|
| 035 |
|
|
|a (DE-576)283335831
|
| 035 |
|
|
|a (DE-599)BSZ283335831
|
| 040 |
|
|
|a DE-627
|b ger
|c DE-627
|e rakwb
|
| 041 |
|
|
|a eng
|
| 100 |
1 |
|
|a Pollock, Joycelyn M.
|d 1956-
|0 (DE-588)132129566
|0 (DE-627)518391825
|0 (DE-576)164723943
|4 aut
|
| 109 |
|
|
|a Pollock, Joycelyn M. 1956-
|a Byrne, Joycelyn M. 1956-
|a Byrne, Joycelyn M. Pollock- 1956-
|a Pollock, Joycelyn 1956-
|a Pollock-Byrne, Joycelyn M. 1956-
|
| 190 |
|
|
|j 2008
|
| 245 |
1 |
0 |
|a Crime & justice in America
|b an introduction to criminal justice
|c Joycelyn M. Pollock
|
| 246 |
3 |
3 |
|a Crime and justice in America
|
| 264 |
|
1 |
|a [Newark, NJ]
|b LexisNexis [u.a.]
|c 20XX-
|
| 336 |
|
|
|a Text
|b txt
|2 rdacontent
|
| 337 |
|
|
|a ohne Hilfsmittel zu benutzen
|b n
|2 rdamedia
|
| 338 |
|
|
|a Band
|b nc
|2 rdacarrier
|
| 689 |
0 |
0 |
|d g
|0 (DE-588)4078704-7
|0 (DE-627)106076612
|0 (DE-576)209209682
|a USA
|2 gnd
|
| 689 |
0 |
1 |
|d s
|0 (DE-588)4183472-0
|0 (DE-627)105302465
|0 (DE-576)210018860
|a Strafjustiz
|2 gnd
|
| 689 |
0 |
|
|5 (DE-627)
|
| 689 |
1 |
0 |
|d g
|0 (DE-588)4078704-7
|0 (DE-627)106076612
|0 (DE-576)209209682
|a USA
|2 gnd
|
| 689 |
1 |
1 |
|d s
|0 (DE-588)4121733-0
|0 (DE-627)104544449
|0 (DE-576)209545712
|a Strafrechtspflege
|2 gnd
|
| 689 |
1 |
|
|5 (DE-627)
|
| 951 |
|
|
|a MC
|
| ELC |
|
|
|b 1
|
| LOK |
|
|
|0 000 xxxxxcx a22 zn 4500
|
| LOK |
|
|
|0 001 2574906187
|
| LOK |
|
|
|0 003 DE-627
|
| LOK |
|
|
|0 004 1353335836
|
| LOK |
|
|
|0 005 20080829114944
|
| LOK |
|
|
|0 008 080701||||||||||||||||ger|||||||
|
| LOK |
|
|
|0 040
|a DE-21
|c DE-627
|d DE-21
|
| LOK |
|
|
|0 852
|a DE-21
|
| LOK |
|
|
|0 852 1
|c KB 20 A 3161
|9 00
|
| LOK |
|
|
|0 935
|a krim
|
| LOK |
|
|
|0 936ln
|a k4.6.5
|
| LOK |
|
|
|0 938
|l 01/07/08
|8 6
|
| LOK |
|
|
|0 939
|a 01-07-08
|b l01
|
| ORI |
|
|
|a SA-MARC-krimdoka001.raw
|
| SIG |
|
|
|a UB: KB 20 A 3161
|
| SPR |
|
|
|a 1
|t KRI
|